000 00933cab a2200217 4500
001 X93445
008 090401t1998 xxu||||| |||| 00| 0 eng d
035 _a(Sirsi) u88020
041 _aeng
245 _aFootpaths
260 _c1998
350 _a0
490 _aEstates Gazette
_v[1998] EGCS 134 (15/08/1998)
520 _a"Maltbridge Island Management Co and others v SoS Environment and another" QBD 31 July 1998. Council making right of way modification order - applicant objecting - Inspector confirming order subject to modification - Council confirming order - Application for council`s decision to be quashed - Whether inspector`s decision reasonable - Application allowed.
650 _aFOOTPATH
650 _aMALTBRIDGE ISLAND MANAGEMENT CO AND OTHERS V SOS ENVIRONMENT AND ANOTH
650 _aMODIFICATION ORDER
690 _aHIGHWAYS RIGHTS OF WAY AND EASEMENTS-CASE LAW
942 _n0
948 _c17/08/1998
999 _c55576
_d55576